|
|
|
|
| LEADER |
00000cam a2200000 7i4500 |
| 001 |
0000002796 |
| 005 |
20080309093000.0 |
| 008 |
070822s2005 mau eng |
| 020 |
|
|
|a 1413007481 (pbk.)
|
| 090 |
0 |
0 |
|a PE1112
|b .E363 2005
|
| 100 |
1 |
|
|a Elbaum, Sandra N. ,
|e author
|
| 245 |
1 |
0 |
|a Grammar in context 3
|c Sandra N. Elbaum
|
| 250 |
|
|
|a 4th ed
|
| 260 |
2 |
|
|a Boston, MA :
|b Thomson/Heinle ,
|c c2005
|
| 300 |
|
|
|a xviii, 467 p. :
|b ill. ;
|c 29 cm.
|
| 504 |
|
|
|a Includes index
|
| 650 |
|
0 |
|a English language
|v Textbooks for foreign speakers
|
| 650 |
|
0 |
|a English language
|x Grammar
|v Problems, exercises, etc.
|
| 999 |
|
|
|a 1000105323
|b Book
|c OPEN SHELF (30 DAYS)
|e Gong Badak Campus
|
| 999 |
|
|
|a 1000105642
|b Book
|c OPEN SHELF (30 DAYS)
|e Gong Badak Campus
|